00554nam a2200193Ia 4500003000400000005001700004008004100021040000700062041000800069082001600077100002500093245001100118260004300129300000900172650002300181942001300204999001900217952012400236OSt20260326150022.0250729s2009 xx 000 0 und d cAL aeng a370.15 SANC aSandras Lobo9230581 aCogmap aMangalorebSchool of Social Workc2009 a146p aPsychology9230582 2ddccBED c238853d238853 00104070aALbALd2025-07-29eManagement Booksg220.00l0o370.15 SANCpBED04172r2025-07-29 16:57:03w2025-07-29yBK